00736cam a22002291 4500001001300000003000400013005001700017008004100034010001700075035001800092040002800110050001600138082001000154100004600164245004900210260004900259300003600308410006000344500003700404650004800441999001700489ss 48000028 DLC20260227112751.0740111s1948 dcuaf b f000 0 eng  ass 48000028  a(OCoLC)774787 aDLCcOClW-HdOCoLCdDLC00aRJ250b.D77 a618.61 aDunham, Ethel C.q(Ethel Collins),d1883-10aPremature infants;ba manual for physicians. a[Washington,bU.S. Govt. Print. Off.,c1948] a401 p.billus., plates.c23 cm.10aUnited States.bChildren's Bureau. Publicationvno. 325 a"References": p. 96-99, 342-362. 0aPremature infantsvHandbooks, manuals, etc. c90913d90913